128_ Personnalités nées un 8 mai par images - Statistiques

Statistiques générales
  • Ce quiz a été pris 38 fois
  • Le résultat moyen est 5 sur 9
Statistiques - réponses
Par images Hint Réponse % Correct
Animatrice Laurence Boccolini
87%
Acteur Fernandel
84%
Footballeur Luis Enrique
82%
Tennisman Benoît Paire
71%
Animatrice Catherine Laborde
63%
Chanteur Enrique Iglesias
50%
Dirigeant Politique Harry S. Truman
32%
Chanteuse Marie Myriam
26%
Animateur François Busnel
11%
Aucun quiz correspondant
Distribution des résultats
% des personnes avec chaque résultat
Percentile par nombre de réponses
Votre historique - résultats
Vous n’avez pas pris ce quiz